01017nam a2200193Ia 4500001001000000003001000010008004100020040002500061041001200086100002300098245004300121250001100164260006700175300002700242500020800269501011400477520020800591650002400799L230-5763IT-CnALBA170116s9999||||xx |||||||||||||| ||und|| aIT-CnALBAcIT-CnALBA aLATINO  aBOYER CAROLUS, SJ. 0aTRACTATUS DE DEO CREANTE ET ELEVANTE.  a2a ed. aROMAbGREGORIANA PONTIFICIA UNIVERSITÀc1933 [1° Ed.: n.d.] a536 p. (prefazione: 7) aPREMESSA. CREAZIONE DEL MONDO E DELL'UOMO. EVOLUZIONISMO. GIUSTIZIA ORIGINALE DELL'UOMO. PECCATO ORIGINALE. PRESERVAZIONE DAL PECCATO DI MARIA LA VERGINE. ANGELI. INFLUSSO DELL'ANGELO SULL'UOMO. DEMONI.  aSocietà San Paolo EM - Piazza San Paolo, 14 - 12051 ALBA (CN) (non commercial uses only) ® Copyright 2017 aPREMESSA. CREAZIONE DEL MONDO E DELL'UOMO. EVOLUZIONISMO. GIUSTIZIA ORIGINALE DELL'UOMO. PECCATO ORIGINALE. PRESERVAZIONE DAL PECCATO DI MARIA LA VERGINE. ANGELI. INFLUSSO DELL'ANGELO SULL'UOMO. DEMONI.  aDOGMATICA CRISTIANA